Logos de La Liga - Mort Subite - Statistiques

Statistiques générales
  • Ce quiz a été pris 2 216 fois
    828 depuis la dernière actualisation
  • Le résultat moyen est 9 sur 20
Answers on the Grid
Answers color-coded by a green-red scale on the quiz's grid according to % correct below.
 
Statistiques - réponses
Réponse % Correct
64%
62%
56%
56%
55%
55%
54%
53%
52%
50%
44%
42%
42%
41%
39%
36%
34%
25%
19%
16%
Aucun quiz correspondant
Distribution des résultats
% des personnes avec chaque résultat
Percentile par nombre de réponses
Votre historique - résultats
Vous n’avez pas pris ce quiz depuis la dernière actualisation